[Event "Peterhof"]
[Site "Peterhof"]
[Date "2008.08.17"]
[Round "9"]
[White "Frolochkin, Vladimir"]
[Black "Kaliberda, Vladimir"]
[Result "1/2-1/2"]
[WhiteElo "2311"]
[BlackElo "2328"]
[PlyCount "108"]
[EventDate "2008.08.12"]
[EventType "tourn"]
[EventRounds "11"]
[EventCountry "RUS"]
[EventCategory "2"]
[SourceTitle "CBM 125 Extra"]
[Source "ChessBase"]
[SourceDate "2008.09.01"]
[SourceVersion "1"]
[SourceVersionDate "2008.09.01"]
[SourceQuality "1"]

1. e4 c5 2. Nf3 e6 3. d4 cxd4 4. Nxd4 Nc6 5. Nc3 Qc7 6. g3 a6 7. Bg2 d6 8. 0-0 Be7 9. Re1 Bd7 10. Nxc6 bxc6 11. Na4 e5 12. c4 c5 13. Nc3 Nf6 14. f4 0-0 15. f5 Bc6 16. Qf3 h6 17. h4 Rfb8 18. g4 Nh7 19. Qg3 Qd8 20. g5 hxg5 21. h5 Bf6 22. Bf3 Kf8 23. Bd1 Rb4 24. b3 Rab8 25. Bc2 R4b7 26. Be3 Rd7 27. Rad1 Qa5 28. Bc1 Ke7 29. a3 Rh8 30. Re2 Kd8 31. Nb1 Be7 32. Kf1 Kc8 33. Bd2 Qb6 34. Nc3 Nf6 35. Rh2 g4 36. Bg5 Qa5 37. Bxf6 Bxf6 38. Nb1 Bg5 39. Qxg4 f6 40. Rd3 Bc1 41. Bd1 Bf4 42. Re2 Kc7 43. Rh3 Bh6 44. Rg2 Bf4 45. Qf3 Rh7 46. Ke2 Rd8 47. Kd3 Rdh8 48. Rg1 Bg5 49. Kc2 Be8 50. Rgh1 Kd7 51. Qd3 Bf7 52. Bg4 Ke7 53. Kb2 Rb8 54. Nc3 Rhh8 1/2-1/2